| 000 | 00000nam 2200000zi 4500 |
| 001 | 9.937151 |
| 003 | CaOODSP |
| 005 | 20240612102825 |
| 006 | m o d f |
| 007 | cr |n||||||||| |
| 008 | 240419e20231026onc ob f|0| 0 fre d |
| 040 | |aCaOODSP|bfre|erda|cCaOODSP |
| 043 | |an-cn--- |
| 086 | 1 |aRv55-8/19-9-4-2023F-PDF |
| 245 | 00|aImportation et exportation d’agents pathogènes et de toxines. |
| 264 | 1|aOttawa : |bAgence des services frontaliers du Canada, |cle 26 octobre 2023. |
| 300 | |a1 ressource en ligne (12 pages non numérotées). |
| 336 | |atexte|btxt|2rdacontent/fre |
| 337 | |ainformatique|bc|2rdamedia/fre |
| 338 | |aressource en ligne|bcr|2rdacarrier/fre |
| 490 | 1 |aMémorandum, |x2369-2405 ; |vD19-9-4 |
| 500 | |aPublié aussi en anglais sous le titre : Importation and exportation of pathogens and toxins. |
| 504 | |aComprend des références bibliographiques. |
| 650 | 6|aMicro-organismes pathogènes|zCanada. |
| 650 | 6|aToxines|zCanada. |
| 650 | 6|aTransport biologique|xRégulation. |
| 650 | 6|aImportations|xDroit|zCanada. |
| 650 | 6|aExportations|xDroit|zCanada. |
| 710 | 2 |aAgence des services frontaliers du Canada, |eorganisme de publication. |
| 775 | 08|tImportation and exportation of pathogens and toxins.|w(CaOODSP)9.937147 |
| 830 | #0|aMémorandum (Agence des services frontaliers du Canada)|vD19-9-4.|w(CaOODSP)9.816826 |
| 856 | 40|qPDF|s949 Ko|uhttps://publications.gc.ca/collections/collection_2024/asfc-cbsa/Rv55-8-19-9-4-2023-fra.pdf |
| 856 | 4 |qHTML|sS.O.|uhttps://www.cbsa-asfc.gc.ca/publications/dm-md/d19/d19-9-4-fra.html |